Revolution der Produktentwicklung Spitzenleistungen in Schnelligkeit, Effizienz und Qualität durch dynamische Teams

Salvato in:
Dettagli Bibliografici
Autore principale: Wheelwright, Stephen C.
Altri autori: Clark, Kim B., Allgeier, Herbert
Natura: Libro
Lingua:tedesco
Pubblicazione: Frankfurt am Main Campus 1994
Edizione:1. Aufl.
Soggetti:
Tags: Aggiungi Tag
Nessun Tag, puoi essere il primo ad aggiungerne!!

MARC

LEADER 00000nam a2200000 4500
001 c011049
005 20221205141019.3
020 |a 3-593-35019-X 
041 0 |a ger 
044 |a DE 
245 1 0 |a Revolution der Produktentwicklung  |b Spitzenleistungen in Schnelligkeit, Effizienz und Qualität durch dynamische Teams  |c Stephen C. Wheelwright, Kim B. Clark ; [Z angl. prel.] Herbert Allgeier 
250 |a 1. Aufl. 
264 1 |a Frankfurt am Main  |b Campus  |c 1994 
300 |a 484 s. 
610 2 0 |a výrobky 
610 2 0 |a vývoj výrobku 
610 2 0 |a konkurencia 
610 2 0 |a projekty 
610 2 0 |a programy rozvojové 
610 2 0 |a plánovanie strategické 
610 2 0 |a trh 
610 2 0 |a manažment 
610 2 0 |a práca tímová 
610 2 0 |a integrácia 
610 2 0 |a štúdie prípadové 
100 1 |a Wheelwright, Stephen C. 
700 1 |a Clark, Kim B. 
700 1 |a Allgeier, Herbert